| 000 | 00706nam a22002297a 4500 | ||
|---|---|---|---|
| 008 | 130826b xxu||||| |||| 00| 0 eng d | ||
| 020 | _a07860104524 | ||
| 024 | _cAvailable | ||
| 037 | _cAvailable | ||
| 040 |
_aMBSTU Lbrary _dMBSTU Lbrary |
||
| 082 | _a620.8 | ||
| 100 | _aGraham | ||
| 245 | _aSafety and Health in the oil and gas entractive industries | ||
| 260 |
_aLondon _bGraham and Trotman Ltd. _c1983 |
||
| 300 |
_a29.5 cm _b434 page _f1 _g29.5 cm |
||
| 600 | _2Human factors safely engineering | ||
| 700 | _aGraham | ||
| 270 |
_aLondon _blondon _duk |
||
| 365 |
_23803.00 _d3803.00 |
||
| 942 |
_2ddc _cBK |
||
| 999 |
_c628 _d628 |
||